00551nam a22001817a 450000500170000001000130001702000260003003500130005603700130006908200160008210000140009824500970011225000110020926000470022027000720026730000270033970000030036620180227154906.0 aB-663802 a9789350356944c425.00 aB-663802 bBookwell a345.5402555 aDas, P.K. aUniversal's handbook on protection of women from domestic violence:Act & Rules /cby P.K.Das a5th ed aNew DelhibUniversal Law Publishing c2016 aCFF-1A, Dilkhush industrial estate, G.T.Karnal roadb Delhie1100332 axxix,445p c24cm (pbk)